| 000 -ლიდერი |
| ფიქსირებული სიგრძის საკონტროლო ველი |
01226nam a2200277Ia 4500 |
| 001 - საკონტროლო ნომერი |
| საკონტროლო ველი |
21191 |
| 003 - საკონტროლო ნომრის იდენტიფიკატორი |
| საკონტროლო ველი |
GE_BSU |
| 005 - ბოლო ოპერაციის თარიღი და დრო |
| საკონტროლო ველი |
20210720162554.0 |
| 008 - ფიქსირებული სიგრძის მონაცემთა ელემენტები - ზოგადი ინფორმაცია |
| ფიქსირებული სიგრძის საკონტროლო ველი |
181216s2010||||ge |||||||||||||| ||geo|| |
| 020 ## - წიგნის საერთაშორისო სტანდარტული ნომერი |
| International Standard Book Number |
9789941912542 |
| 040 ## - კატალოგიზაციის წყარო |
| Transcribing agency |
GE_BSU |
| 041 ## - ენის კოდი |
| Language code of text/sound track or separate title |
geo |
| 080 ## - უნივერსალური ათობითი კლასიფიკაციის ინდექსი |
| Universal Decimal Classification number |
331.106.22 ი-29 |
| 100 ## - მთავარი ჩანაწერი - პიროვნების სახელი |
| Personal name |
იაშვილი, ნინო |
| 9 (RLIN) |
1031 |
| 245 ## - ცნობა სათაურის შესახებ |
| Title |
ტიპიური ხელშეკრულებების კრებული / |
| Statement of responsibility, etc |
ნინო იაშვილი, ზაურ ნაჭყებია, გიორგი სუხიაშვილი ; რედ. იური პაპასქუა. |
| 264 ## - წარმოების, გამოცემის, დისტრიბუციის და სხვა ცნობები |
| გამოცემის, წარმოების, დისტრიბუციის... ადგილი |
თბილისი : |
| გამოცემის, წარმოების, დისტრიბუციის... სახელწოდება |
ინოვაცია, |
| გამოცემის, წარმოების, დისტრიბუციის... თარიღი |
2010. |
| 300 ## - ფიზიკური აღწერა |
| Extent |
276 გვ. ; |
| Dimensions |
20 სმ. |
| 653 ## - INDEX TERM--UNCONTROLLED |
| Uncontrolled term |
ეკონომიკა |
| 653 ## - INDEX TERM--UNCONTROLLED |
| Uncontrolled term |
მეწარმეობა |
| 653 ## - INDEX TERM--UNCONTROLLED |
| Uncontrolled term |
ტიპიური ხელშეკრულებები |
| 700 ## - ADDED ENTRY--PERSONAL NAME |
| Personal name |
ნაჭყებია, ზაურ |
| Relator term |
ავტორი |
| 9 (RLIN) |
1033 |
| 700 ## - ADDED ENTRY--PERSONAL NAME |
| Personal name |
სუხიაშვილი, გიორგი |
| Relator term |
ავტორი |
| 9 (RLIN) |
12303 |
| 700 ## - ADDED ENTRY--PERSONAL NAME |
| Personal name |
პაპასქუა, იური |
| Relator term |
რედაქტორი |
| 9 (RLIN) |
564 |
| 942 ## - ADDED ENTRY ELEMENTS (KOHA) |
| Koha item type |
წიგნი |
| Source of classification or shelving scheme |
|